| 000 | 01120 a2200229 4500 | ||
|---|---|---|---|
| 020 | _a0761996052 | ||
| 020 | _a9780761996057 | ||
| 082 | 0 | 4 | _a332.645 |
| 090 |
_c3163 _d3163 |
||
| 100 | 1 | _aBhaskar, P. | |
| 245 | 1 | 0 |
_aDerivatives simplified / _cP Bhaskar. |
| 250 | _a1st ed. | ||
| 260 |
_a[S.l.] : _bSAGE Publications Pvt. Ltd, _c2003. |
||
| 300 |
_a210 p. ; _c22 cm. |
||
| 490 | 1 | _aResponse books. | |
| 500 | _aHardcover. | ||
| 520 | _aThis book is both informative and practitioner-orientated and covers all aspects of different derivative products. It includes the origin and growth of derivatives trading. Who uses it - when, why and how? The method of using each derivative product is also given in a simple form with easy to follow examples. Derivatives or futures trading have just been introduced into the Indian financial market to replace badla. | ||
| 830 | 0 | _aResponse books. | |
| 856 | 4 | 0 |
_3Amazon.com _uhttp://www.amazon.com/exec/obidos/ASIN/0761996052/chopaconline-20 |
| 856 | 4 | 0 |
_3Amazon customer reviews _uhttp://www.chopac.org/cgi-bin/tools/azrev.pl?q=0761996052 |
| 942 |
_aNBS _cBK _k332.645 BHA |
||
| 999 |
_c345651 _d345651 |
||